The Comoros Country Quiz - Statistics

General Stats
  • This quiz has been taken 7 times
  • The average score is 8 of 20
Answer Stats
Hint Answer % Correct
Currency Comorian Franc
86%
Official languages French
86%
Close island countries Seychelles
86%
Country owning that island France
71%
Close island countries Madagascar
71%
Close island countries Mauritius
71%
Capital city Moroni
71%
Official languages Arabic
57%
Closest island Comoros claims over 300km2 Mayotte
57%
Official languages Comorian
43%
Bordering channel {Mozambique} Channel
43%
Year of independence 1975
29%
Three main islands Anjouan
14%
Three main islands Grande Comore
14%
Three main islands Mohéli
14%
Government owned newspaper Al-Watwan
0%
President Azali Assoumani
0%
66 million year old specimen rediscovered in 1952 {Coelacanth} Fish
0%
Ecoregion of Comoros Comoros {forest}s
0%
Second biggest city Mutsamudu
0%
No matching quizzes found
Score Distribution
Percent of People with Each Score
Percentile by Number Answered
Your Score History
You have not taken this quiz